महीप रचनावली 10 खण्ड (Record no. 169135)

MARC details
000 -LEADER
fixed length control field 00434nam a2200145Ia 4500
008 - FIXED-LENGTH DATA ELEMENTS--GENERAL INFORMATION
fixed length control field 230917s9999||||xx |||||||||||||| ||und||
040 ## - CATALOGING SOURCE
-- 196337
Original cataloging agency VIVEKANANDA LIBRARY
041 ## - Language
-- English
082 ## - DDC NUMBER
Classification number 891.43301731 SM64:AK
100 ## - MAIN ENTRY--PERSONAL NAME
Personal name अनिळ कुमार
245 #0 - TITLE STATEMENT
Title महीप रचनावली 10 खण्ड
260 ## - PUBLICATION, DISTRIBUTION, ETC. (IMPRINT)
Place of publication, distribution, etc नई दिल्ली
Name of publisher, distributor, etc नमन प्रकाशन
Date of publication, distribution, etc 2007
300 ## - PHYSICAL DESCRIPTION
Pages v. p.
942 ## - ADDED ENTRY ELEMENTS (KOHA)
Koha item type Hindi Books
Holdings
Withdrawn status Lost status Damaged status Not for loan Location (home branch) Sublocation or collection (holding branch) Date acquired Koha issues (times borrowed) Koha full call number Accession No. Koha date last seen Koha item type
        VIVEKANANDA LIBRARY VIVEKANANDA LIBRARY 09/02/2012   891.43301731 SM64:AK 315566 17/09/2023 Hindi Books
        VIVEKANANDA LIBRARY VIVEKANANDA LIBRARY 09/02/2012   891.43301731 SM64:AK 315567 17/09/2023 Hindi Books
        VIVEKANANDA LIBRARY VIVEKANANDA LIBRARY 09/02/2012   891.43301731 SM64:AK 315568 17/09/2023 Hindi Books
        VIVEKANANDA LIBRARY VIVEKANANDA LIBRARY 09/02/2012   891.43301731 SM64:AK 315569 17/09/2023 Hindi Books
        VIVEKANANDA LIBRARY VIVEKANANDA LIBRARY 09/02/2012   891.43301731 SM64:AK 315570 17/09/2023 Hindi Books
        VIVEKANANDA LIBRARY VIVEKANANDA LIBRARY 09/02/2012   891.43301731 SM64:AK 315571 17/09/2023 Hindi Books
        VIVEKANANDA LIBRARY VIVEKANANDA LIBRARY 09/02/2012   891.43301731 SM64:AK 315572 17/09/2023 Hindi Books
        VIVEKANANDA LIBRARY VIVEKANANDA LIBRARY 09/02/2012   891.43301731 SM64:AK 315573 17/09/2023 Hindi Books
        VIVEKANANDA LIBRARY VIVEKANANDA LIBRARY 09/02/2012   891.43301731 SM64:AK 315574 17/09/2023 Hindi Books
        VIVEKANANDA LIBRARY VIVEKANANDA LIBRARY 09/02/2012   891.43301731 SM64:AK 315575 17/09/2023 Hindi Books
© Designed and Maintained by Vivekananda Library, MDU Rohtak